000 01029cab a2200337 4500
001 WB3113-22
008 090401t1995 xxu||||| |||| 00| 0 eng d
035 _a(Sirsi) u41101
041 _aeng
245 _aUniversity of Lancaster
260 _c1995
350 _a0
490 _aFinancial Times
_v25 March 1995, 7
490 _aGuardian
_v25 March 1995, 8(1)
520 _aLancaster has become the first university to enter the bond market, launching a £35m offering of 30-year debenture stock to finance new campus buildings.
650 _aBOND MARKETS
650 _aBUSINESS EXPANSION SCHEMES
650 _aCAPITAL MARKET
650 _aCAPITAL PROJECTS
650 _aDEBENTURE STOCK
650 _aEDUCATION BUILDINGS
650 _aFUNDING
650 _aHIGHER EDUCATION
650 _aPRIVATE FINANCE
650 _aSTUDENT ACCOMMODATION
650 _aUNIVERSITIES
650 _aUNIVERSITY OF LANCASTER
690 _aPROPERTY-PROPERTY FINANCE AND INVESTMENT
942 _n0
948 _c04/03/1997
999 _c26386
_d26386